Regulation of estate agents (Record no. 122197)

MARC details
000 -LEADER
fixed length control field 01107nam a22002177a 4500
005 - DATE AND TIME OF LATEST TRANSACTION
control field 20250710161223.0
008 - FIXED-LENGTH DATA ELEMENTS--GENERAL INFORMATION
fixed length control field 250710t2024 xxk|||||o||||o00| 0 eng d
245 ## - TITLE STATEMENT
Title Regulation of estate agents
Remainder of title a research briefing
Medium [Electronic resource]
260 ## - PUBLICATION, DISTRIBUTION, ETC.
Place of publication, distribution, etc. London,
Name of publisher, distributor, etc. House of Commons Library,
Date of publication, distribution, etc. 8 July 2025
490 ## - SERIES STATEMENT
Series statement Research Briefing
Volume/sequential designation 6900
520 ## - SUMMARY, ETC.
Summary, etc. A House of Commons Library research briefing provides an outline of the current regulation of estate agents. It also looks at past market studies and consultations and considers in detail proposals to tighten regulation.
520 ## - SUMMARY, ETC.
Summary, etc. References the RICS Carsberg Review and other calls by the RICS for tighter regulation
650 ## - SUBJECT ADDED ENTRY--TOPICAL TERM
Topical term or geographic name entry element ESTATE AGENTS
650 ## - SUBJECT ADDED ENTRY--TOPICAL TERM
Topical term or geographic name entry element Digital Markets, Competition and Consumers Act 2024
650 ## - SUBJECT ADDED ENTRY--TOPICAL TERM
Topical term or geographic name entry element Estate Agents Act 1979
690 ## - LOCAL SUBJECT ADDED ENTRY--TOPICAL TERM (OCLC, RLIN)
Topical term or geographic name as entry element Property management
9 (RLIN) 6262
700 ## - ADDED ENTRY--PERSONAL NAME
Personal name Conway, Lorraine
710 ## - ADDED ENTRY--CORPORATE NAME
9 (RLIN) 1448
Corporate name or jurisdiction name as entry element Parliament. House of Commons. Library
856 ## - ELECTRONIC LOCATION AND ACCESS
Uniform Resource Identifier <a href="https://researchbriefings.files.parliament.uk/documents/SN06900/SN06900.pdf">https://researchbriefings.files.parliament.uk/documents/SN06900/SN06900.pdf</a>
Public note Available online at the House of Commons Library
942 ## - ADDED ENTRY ELEMENTS (KOHA)
Source of classification or shelving scheme Dewey Decimal Classification
Holdings
Withdrawn status Lost status Damaged status Not for loan Home library Current library Shelving location Date acquired Total Checkouts Date last seen Price effective from Koha item type
        Virtual Virtual Online 10/07/2025   10/07/2025 10/07/2025 Online material